Moderné formy vzdelávania - konkurenčná výhoda dosahovania strategickej výkonnosti
Vzdelávanie a dosahovanie strategickej výkonnosti. Moderné formy vzdelávania. Prínosy a problémy zavádzania on-line výuky do praxe.
Gespeichert in:
| 1. Verfasser: | |
|---|---|
| Format: | Buchkapitel |
| Sprache: | Slowakisch |
| Schlagworte: | |
| Tags: |
Keine Tags, Fügen Sie das erste Tag hinzu!
|
MARC
| LEADER | 00000naa$a2200000$$$4500 | ||
|---|---|---|---|
| 001 | 0069821 | ||
| 005 | 20240502083204.9 | ||
| 041 | 0 | |a slo | |
| 044 | |a UA | ||
| 245 | 1 | 0 | |a Moderné formy vzdelávania - konkurenčná výhoda dosahovania strategickej výkonnosti |c Lenka Dubovická |
| 520 | |a Vzdelávanie a dosahovanie strategickej výkonnosti. Moderné formy vzdelávania. Prínosy a problémy zavádzania on-line výuky do praxe. | ||
| 610 | 2 | 0 | |a vzdelávanie |
| 610 | 2 | 0 | |a vzdelávanie elektronické |
| 610 | 2 | 0 | |a výhody konkurenčné |
| 610 | 2 | 0 | |a vyučovanie |
| 100 | 1 | |a Dubovická, Lenka | |